000
00322nam a2200145Ia 4500
008
230718s9999 xx 000 0 und d
041
_a
Eng.
082
_a
343.54
_b
PAK-S
100
_a
Pakistan,T
245
0
_a
sales of good act
260
_a
Pakistan
_b
manzoor law
_c
2013
300
_a
40
650
_a
Law
999
_c
30422
_d
30422